| 000 | 00690nam a2200217Ia 4500 | ||
|---|---|---|---|
| 003 | GCL | ||
| 008 | 140319s9999 xx 000 0 eng d | ||
| 020 | _a0686860065 | ||
| 040 |
_aGCL / _cGCL |
||
| 082 | 0 | 4 |
_a327.7305694 _bM F |
| 100 | 1 | _aHELMAN, YOSSI | |
| 245 | 1 | 0 |
_aFRIENDS IN DEED : _bINSIDE THE U.S IRAEL ALLIANCE / _cHELMAN, YOSSI |
| 700 | 1 | _aRAVIV, DAN | |
| 260 |
_aنيويورك : _bHYPERION ، _c1994 |
||
| 300 |
_aXV1, 536 P _bILL. ؛ _c24 cm. |
||
| 650 | 0 | 4 | _aISRAEL - FOREIGN RELATIONS - U.S.A |
| 650 | 0 | 4 | _aUNITED STATES - FOREIGN RELATIONS - ISRAEL |
| 650 | 0 | 4 | _aUNITED STATES - FOREIGN RELATIONS - 20 th CENTURY |
| 650 | 0 | 4 | _aUNITED STATES - ZIONISM |
| 942 |
_2ddc _cBK |
||
| 999 |
_c4648 _d4648 |
||